| 000 | 00681cab a22001935a 4500 | ||
|---|---|---|---|
| 001 | L159019 | ||
| 008 | 151209e20151411xxk 000 0 eng d | ||
| 035 | _a(Sirsi) u159019 | ||
| 041 | 0 | _aeng | |
| 100 | 1 | _aRoss, Andrew | |
| 245 | 0 | 0 | _aWhen It's Reasonable to say no |
| 260 | _c2015 | ||
| 490 |
_aEstates Gazette _v(1545) 14 November 2015, 94-95(2) |
||
| 520 | _aExplains the duty on landlords contained in Section 19 of the Landlord and Tenant Act 1927 not to withhold consent unreasonably to a tenant's request to assign, underlet, charge or part with possession of premises. | ||
| 590 | _aKA | ||
| 690 |
_aLandlord and tenant _96252 |
||
| 700 | 1 | _aQuy, Sarah | |
| 942 | _n0 | ||
| 999 |
_c84774 _d84774 |
||